Guess the 1960s song lyrics #293 - Statistics

General Stats
  • This quiz has been taken 14 times
  • The average score is 99 of 186
Answer Stats
Answer % Correct
And
92%
I
92%
love
92%
you
92%
You
92%
be
83%
your
83%
My
75%
my
75%
so
75%
to
75%
To
75%
go
67%
I'm
67%
in
67%
me
67%
are
58%
for
58%
is
58%
It
58%
know
58%
never
58%
when
58%
from
50%
I'll
50%
let
50%
Pretty
50%
pretty
50%
were
50%
arms
42%
Because
42%
eyes
42%
little
42%
real
42%
really
42%
that
42%
angel
33%
Angel
33%
Cause
33%
darling
33%
good
33%
heaven
33%
we'll
33%
above
25%
feels
25%
sent
25%
with
25%
Curtis Lee
17%
eternity
17%
happy
17%
our
17%
fill
8%
heavenly
8%
life
8%
wonderful
8%
litle
0%
No matching quizzes found
Score Distribution
Percent of People with Each Score
Percentile by Number Answered
Your Score History
You have not taken this quiz